000 00625nam a22001937a 4500
005 20140908122737.0
010 _aENG-110750
020 _a9788183875660
_c950.00
035 _aEN-94282
037 _bDBAD/PUB
082 _a323.3520954
100 _aGurappa Naidu, Y.
245 _aChild rights, law and development :
_cby Y. Gurappa Naidu
_bemerging challenges /
260 _aNew Delhi
_bSerials Publications
_c2012
270 _a4830/24, Prahlad Street, Ansari Road, Darya Ganj
_bNew Delhi
_e110002
300 _axi,243p.
_c24cm(Hb)
500 _aIncludes index
942 _2ddc
_cEN
_h323.3520954
_mGUR
999 _c88322
_d88322